Statistics for Rappers by Album

Click here to take the quiz!

General Stats

  • This quiz has been taken 326 times
  • The average score is 4 of 15

Answer Stats

AlbumsRapper% Correct
Graduation/Yeezus/My Beautiful Dark Twisted FantasyKanye West
98%
The Blueprint/Magna Carta Holy Grail/Watch The ThroneJay-Z
80%
Loyalty/The DeAndre Way/Souljaboytellem.comSoulja Boy
59%
It Was Written/Illmatic/Hip Hop Is DeadNas
55%
Thank Me Later/Nothing Was the Same/Take CareDrake
53%
DS2/Pluto/HonestFuture
35%
Section.80/good kid, m.a.a.d city/To Pimp A ButterflyKendrick Lamar
21%
The Documentary/Doctor's Advocate/The R.E.D. AlbumThe Game
17%
Yo! Bum Rush The Show/Fear of a Black Planet/Man Plans God LaughsPublic Enemy
8%
The State vs. Radric Davis/Hard To Kill/Murder Was the CaseGucci Mane
7%
Year of the Dragon/Genesis/The Big BangBusta Rhymes
5%
Finding Forever/Be/Nobody's SmilingCommon
5%
The Young OG Project/Street Dreams/Loso's WayFabolous
3%
Full Speed/My Own Lane/Up & AwayKid Ink
3%
Mastermind/Teflon Don/Hood BillionaireRick Ross
2%

Score Distribution

Percentile by Number Answered

Percent of People with Each Score

Your Score History

You have not taken this quiz